<?xml version="1.0" encoding="UTF-8"?>
<collection xmlns="http://www.loc.gov/MARC21/slim">
  <record>
    <leader>00000nam  2200000   4500</leader>
    <controlfield tag="001">INLIS000000000003215</controlfield>
    <controlfield tag="005">20241111072520</controlfield>
    <datafield tag="035" ind1="#" ind2="#">
      <subfield code="a">0010-0122001890</subfield>
    </datafield>
    <datafield tag="245" ind1="1" ind2="#">
      <subfield code="a">Ilmu Komunikasi :</subfield>
      <subfield code="b">Perspektif, Proses dan Konteks /</subfield>
      <subfield code="c">LUKIATI KOMALA</subfield>
    </datafield>
    <datafield tag="100" ind1="1" ind2="#">
      <subfield code="a">KOMALA, Lukiati</subfield>
    </datafield>
    <datafield tag="250" ind1="#" ind2="#">
      <subfield code="a">Cet. 1</subfield>
    </datafield>
    <datafield tag="300" ind1="#" ind2="#">
      <subfield code="a">xiv, 242 halaman :</subfield>
      <subfield code="b">gambar ;</subfield>
      <subfield code="c">17,5x25 cm</subfield>
    </datafield>
    <datafield tag="856" ind1="#" ind2="#">
      <subfield code="a">OPAC (Rak 1.1)</subfield>
    </datafield>
    <datafield tag="260" ind1="#" ind2="#">
      <subfield code="a">Bandung :</subfield>
      <subfield code="b">Widya Padjadjaran,</subfield>
      <subfield code="c">2009</subfield>
    </datafield>
    <datafield tag="082" ind1="#" ind2="#">
      <subfield code="a">003.5</subfield>
    </datafield>
    <datafield tag="084" ind1="#" ind2="#">
      <subfield code="a">003.5 KOM i</subfield>
    </datafield>
    <datafield tag="020" ind1="#" ind2="#">
      <subfield code="a">978-602-8323-30-7</subfield>
    </datafield>
    <datafield tag="650" ind1="#" ind2="4">
      <subfield code="a">Teori Komunikasi dan Kontrol</subfield>
    </datafield>
    <datafield tag="650" ind1="#" ind2="4">
      <subfield code="a">Sumbangan Mahasiswa 2013</subfield>
    </datafield>
    <datafield tag="500" ind1="#" ind2="#">
      <subfield code="a">Sumbangan Mahasiswa 2013</subfield>
    </datafield>
    <datafield tag="520" ind1="#" ind2="#">
      <subfield code="a">Buku ini memandu mahasiswa ilmu komunikasi dan masyarakat peminat atau pengamat ilmu komunikasi, karena memaparkan dengan jelas dan tuntas mulai dari posisi ilmu komunikasi disejajarkan dan dipertautannya dengan ilmu lain.</subfield>
    </datafield>
    <controlfield tag="008">241111###########################0#ind##</controlfield>
    <datafield tag="990" ind1="#" ind2="#">
      <subfield code="a">5202/SM-13</subfield>
    </datafield>
  </record>
</collection>
